000 01248nam0a2200325 i 4500
001 RU\NLR\bibl\1898416
005 20241103134914.0
010 _a9785911466855
_9300
021 _aRU
_b2012-27659
_92060
035 _a(NLR Aleph) 001888061
090 _a2881680
_c2881680
100 _a20120502d2012 u y0rusy50 ca
101 0 _arus
102 _aRU
105 _aac |||||||||
200 1 _aОсновы метода системной мобилизации организма стопой
_e(метод СМОС)
_e[учебное пособие]
_fАмерханов Р.Р.
210 _aМосква
_cМаска
_d2012
215 _a299 с.
_cцв. ил., портр.
_d21
300 _aИзд. на средства Левандовской Татьяны Евгеньевны
320 _aБиблиогр.: с. 298 (6 назв.)
606 _aПедиальная терапия
_jУчебные издания
_92436591
_3RU\NLR\auth\661449875
686 _aР354.12я7
686 _aР354.15я7
700 1 _aАмерханов
_bР. Р.
_gРамиль Рашидович
_4070
801 0 _aRU
_bNLR
_c20120502
_gRCR
801 1 _aRU
_bNLR
_c20120502
830 _aавт. по ЭК
942 _cBOOK
980 _aNBR